[Event "CAMPEONATO DE ESPAÑA ABSOLUTO"]
[Site "EL SAUZAL - TENERIFE - ISLAS CANARIAS"]
[Date "2010.09.06"]
[Round "3"]
[Board "5"]
[White "Arizmendi Martinez, Julen Luis"]
[Black "Argandona Riveiro, Inigo"]
[Result "1-0"]
[WhiteElo "2551"]
[BlackElo "2408"]
[PlyCount "92"]
[EventDate "2010.09.04"]
[EventRounds "9"]
[EventCountry "ESP"]

1.d4 d5 2.c4 e6 3.Nf3 c6 4.e3 f5 5.Bd3 Bd6 6.O-O Qf6 7.b3 Nh6 8.Ba3 Bxa3 9.Nxa3
Nf7 10.b4 a6 11.Qb3 O-O 12.Nc2 Nd7 13.a4 Nd6 14.b5 a5 15.Qc3 Nc5 16.Ne5 Nxd3
17.Qxd3 Nxc4 18.Nxc4 dxc4 19.Qxc4 Bd7 20.b6 f4 21.exf4 Qxf4 22.Ne3 Rf6 23.Qc5
Raf8 24.Nc4 Qh4 25.g3 Qh3 26.f4 Rh6 27.Ra2 e5 28.dxe5 Be6 29.Rd2 g5 30.f5 Rxf5
31.Rd8+ Kg7 32.Qe7+ Rf7 33.Rxf7+ Bxf7 34.Qxg5+ Rg6 35.Qf4 Qg4 36.Qxg4 Rxg4
37.Nd6 Bd5 38.Rd7+ Kg6 39.Rxb7 Rb4 40.Rb8 c5 41.b7 Kg5 42.Nb5 Kg4 43.Rg8+ Kf3
44.Rf8+ Ke3 45.b8=Q Rb1+ 46.Rf1 Rb2 1-0

[Event "CAMPEONATO DE ESPAÑA ABSOLUTO"]
[Site "EL SAUZAL - TENERIFE - ISLAS CANARIAS"]
[Date "2010.09.06"]
[Round "3"]
[Board "6"]
[White "Vega Gutierrez, Sabrina"]
[Black "Alsina Leal, Daniel"]
[Result "1/2-1/2"]
[WhiteElo "2368"]
[BlackElo "2523"]
[PlyCount "98"]
[EventDate "2010.09.04"]
[EventRounds "9"]
[EventCountry "ESP"]

1.e4 c5 2.Nf3 d6 3.d4 cxd4 4.Nxd4 Nf6 5.Nc3 a6 6.Be2 e5 7.Nb3 Be7 8.O-O O-O 9.a4
Be6 10.Bf3 a5 11.Bd2 Nbd7 12.Nb5 Bc4 13.Re1 Bxb5 14.axb5 a4 15.Nc1 Qb6 16.Qe2
Nc5 17.Na2 d5 18.exd5 e4 19.Bg4 Nxd5 20.Bf5 Bf6 21.Bxe4 Nxe4 22.Qxe4 Qxb5 23.Nb4
Nxb4 24.Qxb4 Qc6 25.c3 Rfd8 26.Be3 h6 27.Red1 Rxd1+ 28.Rxd1 b5 29.Rd6 Qc4
30.Qxc4 bxc4 31.Bd4 Bxd4 32.Rxd4 Rb8 33.g3 Rxb2 34.Rxc4 a3 35.Rc8+ Kh7 36.Ra8 a2
37.Kg2 Kg6 38.c4 Kf5 39.c5 Ke5 40.c6 Kd6 41.Ra6 f5 42.h4 g6 43.Kf3 Rc2 44.Kg2 g5
45.hxg5 hxg5 46.g4 f4 47.Kf3 Kc7 48.Kg2 Kd6 49.Kf3 Ke5 1/2-1/2

[Event "CAMPEONATO DE ESPAÑA ABSOLUTO"]
[Site "EL SAUZAL - TENERIFE - ISLAS CANARIAS"]
[Date "2010.09.06"]
[Round "3"]
[Board "7"]
[White "San Segundo Carrillo, Pablo"]
[Black "Espinosa Aranda, Angel"]
[Result "1/2-1/2"]
[WhiteElo "2511"]
[BlackElo "2403"]
[PlyCount "45"]
[EventDate "2010.09.04"]
[EventRounds "9"]
[EventCountry "ESP"]

1.d4 Nf6 2.c4 c5 3.d5 e6 4.Nf3 d6 5.Nc3 exd5 6.cxd5 g6 7.e4 Bg7 8.h3 O-O 9.Bd3
b5 10.Nxb5 Re8 11.O-O Nxe4 12.Re1 a6 13.Nc3 Nxc3 14.bxc3 Bxc3 15.Rxe8+ Qxe8
16.Rb1 Nd7 17.Qa4 Qd8 18.Bf4 Ne5 19.Nxe5 dxe5 20.Bg5 Qxg5 21.Qc6 Bb7 22.Rxb7 Bd4
23.d6 1/2-1/2

[Event "CAMPEONATO DE ESPAÑA ABSOLUTO"]
[Site "EL SAUZAL - TENERIFE - ISLAS CANARIAS"]
[Date "2010.09.06"]
[Round "3"]
[Board "8"]
[White "Sanchez Aller, Fernando"]
[Black "Reinaldo Castineira, Roi"]
[Result "0-1"]
[WhiteElo "2323"]
[BlackElo "2502"]
[PlyCount "74"]
[EventDate "2010.09.04"]
[EventRounds "9"]
[EventCountry "ESP"]

1.e4 e5 2.d4 exd4 3.Nf3 d6 4.Qxd4 a6 5.Bg5 Nc6 6.Qd2 Be7 7.Nc3 Bg4 8.h4 Nf6
9.O-O-O h6 10.Bxf6 Bxf6 11.Nd5 Be6 12.Bc4 Bxd5 13.exd5 Ne5 14.Nxe5 dxe5 15.Qb4
Qd6 16.Qa4+ Qd7 17.Qxd7+ Kxd7 18.h5 Kd6 19.Bd3 Bg5+ 20.Kb1 Rhf8 21.g4 b5 22.f3
Rab8 23.Be4 b4 24.Rd3 Rb6 25.Rh2 Rfb8 26.c3 b3 27.axb3 Rxb3 28.Rc2 a5 29.c4 Kc5
30.Ka2 Rxd3 31.Bxd3 a4 32.Bf5 Rb3 33.Bd7 Rxf3 34.Bxa4 e4 35.Re2 e3 36.Bd1 Rf1
37.Bc2 Kxc4 0-1

[Event "CAMPEONATO DE ESPAÑA ABSOLUTO"]
[Site "EL SAUZAL - TENERIFE - ISLAS CANARIAS"]
[Date "2010.09.06"]
[Round "3"]
[Board "10"]
[White "Alonso Rosell, Alvar"]
[Black "Alvarado Diaz, Alejandro"]
[Result "1-0"]
[WhiteElo "2485"]
[BlackElo "2101"]
[PlyCount "67"]
[EventDate "2010.09.04"]
[EventRounds "9"]
[EventCountry "ESP"]

1.d4 Nf6 2.c4 c5 3.d5 b5 4.cxb5 a6 5.bxa6 g6 6.Nc3 Bxa6 7.g3 d6 8.Bg2 Bg7 9.Nf3
Nbd7 10.Rb1 O-O 11.O-O Qa5 12.Bd2 Rfb8 13.Qc2 Ne8 14.b3 Qd8 15.a4 Nc7 16.Rfd1
Qf8 17.e4 Bf6 18.Na2 Be2 19.Re1 Bxf3 20.Bxf3 Na6 21.Be2 Nb4 22.Nxb4 Rxb4 23.Bxb4
cxb4 24.Bb5 Ne5 25.Qe2 h5 26.Kg2 Qd8 27.Rbc1 Rc8 28.f4 Nd7 29.Bxd7 Rxc1 30.Rxc1
Qxd7 31.Qb5 Qa7 32.Qxb4 Qe3 33.Re1 Qd3 34.Qc4 1-0

[Event "CAMPEONATO DE ESPAÑA ABSOLUTO"]
[Site "EL SAUZAL - TENERIFE - ISLAS CANARIAS"]
[Date "2010.09.06"]
[Round "3"]
[Board "11"]
[White "Rodriguez Lapetra, Pablo"]
[Black "Herraiz Hidalgo, Herminio"]
[Result "0-1"]
[WhiteElo "2111"]
[BlackElo "2480"]
[PlyCount "138"]
[EventDate "2010.09.04"]
[EventRounds "9"]
[EventCountry "ESP"]

1.e4 c5 2.Nf3 Nc6 3.d4 cxd4 4.Nxd4 g6 5.c4 Bg7 6.Be3 Nf6 7.Nc3 O-O 8.Be2 d6
9.O-O Bd7 10.f3 Nxd4 11.Bxd4 a5 12.Qd2 Bc6 13.Rfd1 Nd7 14.Be3 Nc5 15.Rab1 Qb6
16.b3 Qb4 17.Nd5 Bxd5 18.Qxd5 Rfc8 19.Kh1 Rab8 20.Bd2 Qa3 21.Bg5 Qxa2 22.Bf1 Bf8
23.b4 axb4 24.Rxb4 Ne6 25.Be3 Qa3 26.Qd2 Bg7 27.Rb5 Rc7 28.Rdb1 Qc3 29.Qxc3 Bxc3
30.Ba7 Ra8 31.Bb6 Rd7 32.R5b3 Ra1 33.Rxa1 Bxa1 34.g3 Bd4 35.Bh3 Bxb6 36.Rxb6 Rc7
37.Bxe6 fxe6 38.Rb4 Kf7 39.Kg2 Ke8 40.Kf2 Kd7 41.Ke3 Kc6 42.Kd3 b6 43.Ra4 Kb7
44.h4 Rc5 45.Ke3 Ra5 46.Rb4 e5 47.g4 Ra2 48.Rb1 Rh2 49.Rc1 Rxh4 50.Kf2 g5 51.Kg2
Rh6 52.Ra1 Rf6 53.Rh1 h6 54.Ra1 Rf8 55.Kf2 Rc8 56.Rc1 Kc6 57.Ra1 Kb7 58.Rc1 Rc5
59.Ke3 Kc7 60.Kd3 b5 61.Rh1 Rxc4 62.Rxh6 Rc5 63.Rh7 Kd7 64.Rh8 Rc8 65.Rh1 b4
66.Rb1 Rc3+ 67.Ke2 b3 68.Rf1 b2 69.Kd2 Rxf3 0-1

[Event "CAMPEONATO DE ESPAÑA ABSOLUTO"]
[Site "EL SAUZAL - TENERIFE - ISLAS CANARIAS"]
[Date "2010.09.06"]
[Round "3"]
[Board "12"]
[White "Salgado Lopez, Ivan"]
[Black "Gutierrez Olivares, Daniel"]
[Result "1-0"]
[WhiteElo "2595"]
[BlackElo "2175"]
[PlyCount "43"]
[EventDate "2010.09.04"]
[EventRounds "9"]
[EventCountry "ESP"]

1.d4 Nf6 2.Nf3 e6 3.c4 b6 4.g3 Bb7 5.Bg2 Be7 6.O-O O-O 7.Re1 c5 8.d5 exd5 9.Nh4
Ne4 10.cxd5 Bxh4 11.Bxe4 f5 12.Bg2 Bg5 13.Nc3 d6 14.Bxg5 Qxg5 15.f4 Qf6 16.e4
Nd7 17.exf5 Qxf5 18.Ne4 Qg6 19.Ng5 Rae8 20.Ne6 Rf7 21.Be4 Qh6 22.Ng5 1-0

[Event "CAMPEONATO DE ESPAÑA ABSOLUTO"]
[Site "EL SAUZAL - TENERIFE - ISLAS CANARIAS"]
[Date "2010.09.06"]
[Round "3"]
[Board "13"]
[White "Moreno Ruiz, Javier"]
[Black "Cabrera Trujillo, Jorge"]
[Result "1-0"]
[WhiteElo "2491"]
[BlackElo "2384"]
[PlyCount "75"]
[EventDate "2010.09.04"]
[EventRounds "9"]
[EventCountry "ESP"]

1.c4 Nf6 2.g3 g6 3.Bg2 Bg7 4.Nc3 O-O 5.d3 e5 6.e4 d6 7.Nge2 c5 8.O-O Nc6 9.f4
Ne8 10.f5 Nc7 11.h3 Rb8 12.Be3 Nd4 13.g4 b5 14.Qd2 f6 15.Ng3 b4 16.Nce2 gxf5
17.exf5 d5 18.Rac1 dxc4 19.Rxc4 Ba6 20.Rxc5 Nxe2+ 21.Nxe2 Rf7 22.Rd1 Rd7 23.d4
Bf8 24.Ra5 Bxe2 25.Qxe2 exd4 26.Qc4+ Kg7 27.Rxa7 Nb5 28.Rxd7+ Qxd7 29.Bf2 Rc8
30.Qd3 Bd6 31.Bf1 Rc5 32.Qb3 Re5 33.Qa4 Qc6 34.Rd2 Qf3 35.Bxb5 Qxh3 36.Bf1 Qxg4+
37.Bg2 Rxf5 38.Qd7+ 1-0

[Event "CAMPEONATO DE ESPAÑA ABSOLUTO"]
[Site "EL SAUZAL - TENERIFE - ISLAS CANARIAS"]
[Date "2010.09.06"]
[Round "3"]
[Board "14"]
[White "Arribas Lopez, Angel"]
[Black "Gonzalez Garcia, Guillermo"]
[Result "1-0"]
[WhiteElo "2454"]
[BlackElo "2215"]
[PlyCount "119"]
[EventDate "2010.09.04"]
[EventRounds "9"]
[EventCountry "ESP"]

1.e4 g6 2.d4 Bg7 3.Nc3 d6 4.a3 Nf6 5.f4 O-O 6.Nf3 c5 7.dxc5 dxc5 8.Qxd8 Rxd8
9.e5 Ne8 10.Bc4 Nc6 11.Ng5 e6 12.Bd2 Nd4 13.O-O-O a6 14.Na4 b5 15.Ba5 bxc4
16.Bxd8 Ne2+ 17.Kb1 Bb7 18.Rhf1 Bd5 19.Ba5 h6 20.Rf2 Nd4 21.Nh3 Bf8 22.Bb6 Rb8
23.Bxc5 Nb5 24.Bxf8 Kxf8 25.Kc1 Nec7 26.Ng1 Na7 27.Nc3 Ke7 28.Nxd5+ Nxd5 29.Ne2
Nb5 30.Nd4 Rb6 31.Nxb5 axb5 32.Rd4 Ra6 33.c3 Rc6 34.g4 Rc5 35.Kd2 Ke8 36.h4 Kf8
37.f5 Ke7 38.fxg6 fxg6 39.g5 h5 40.Re4 Rc8 41.Re1 Rd8 42.Kc1 Rg8 43.Rf3 Rg7
44.Re4 Kd7 45.a4 Kc6 46.Rf8 Rc7 47.Rb8 Nb6 48.axb5+ Kxb5 49.Re8 Rc6 50.Rg8 Nd7
51.Rxg6 Nc5 52.Re3 Ra6 53.Rg8 Ra1+ 54.Kc2 Rh1 55.Rb8+ Ka6 56.Rc8 Rh2+ 57.Kb1 Nb3
58.Ka2 Rxh4 59.Rg3 Kb5 60.Rb8+ 1-0

[Event "CAMPEONATO DE ESPAÑA ABSOLUTO"]
[Site "EL SAUZAL - TENERIFE - ISLAS CANARIAS"]
[Date "2010.09.06"]
[Round "3"]
[Board "15"]
[White "Pena Gomez, Manuel"]
[Black "Meneses Gonzalez, Kevin Moises"]
[Result "1-0"]
[WhiteElo "2419"]
[BlackElo "2195"]
[PlyCount "61"]
[EventDate "2010.09.04"]
[EventRounds "9"]
[EventCountry "ESP"]

1.g3 Nf6 2.Bg2 g6 3.c4 Bg7 4.Nc3 O-O 5.e3 d6 6.Nge2 e5 7.O-O Re8 8.d4 e4 9.Qc2
Bf5 10.h3 h5 11.b4 Nbd7 12.Rb1 Qe7 13.a4 Nh7 14.Nf4 c6 15.b5 Bh6 16.bxc6 bxc6
17.Rb7 Rab8 18.Rxa7 Qd8 19.a5 Rb4 20.Bxe4 Qb8 21.Bxf5 Qxa7 22.Bxg6 Nhf8 23.Na2
Rbb8 24.Bxh5 Qxa5 25.Bd2 Qa3 26.Qf5 Bxf4 27.gxf4 Qxa2 28.Bxf7+ Kh8 29.Bc3 d5
30.Bxe8 Qxc4 31.Ba5 1-0

[Event "CAMPEONATO DE ESPAÑA ABSOLUTO"]
[Site "EL SAUZAL - TENERIFE - ISLAS CANARIAS"]
[Date "2010.09.06"]
[Round "3"]
[Board "16"]
[White "Villavicencio Martinez, Carlos"]
[Black "Espineira Gonzalez, Diego"]
[Result "0-1"]
[WhiteElo "2123"]
[BlackElo "2305"]
[PlyCount "74"]
[EventDate "2010.09.04"]
[EventRounds "9"]
[EventCountry "ESP"]

1.Nf3 Nf6 2.c4 g6 3.Nc3 Bg7 4.e4 d6 5.d4 O-O 6.Be2 e5 7.O-O Nc6 8.d5 Ne7 9.Ne1
Ne8 10.Be3 f5 11.f3 f4 12.Bf2 g5 13.c5 Ng6 14.a4 Rf7 15.Rc1 Bf8 16.cxd6 Bxd6
17.Nb5 a6 18.Nxd6 cxd6 19.Nc2 Nf6 20.Na3 g4 21.Nc4 g3 22.Bb6 gxh2+ 23.Kxh2 Qe7
24.Bf2 Nh5 25.Rh1 Qg5 26.Kg1 Ng3 27.Nb6 Nxh1 28.Kxh1 Nh4 29.Qg1 Rf6 30.Qf1 Rh6
31.Bxh4 Qxh4+ 32.Kg1 Qh2+ 33.Kf2 Qg3+ 34.Kg1 Rh2 35.Qf2 Rh1+ 36.Kxh1 Qxf2
37.Nxa8 Bd7 0-1

[Event "CAMPEONATO DE ESPAÑA ABSOLUTO"]
[Site "EL SAUZAL - TENERIFE - ISLAS CANARIAS"]
[Date "2010.09.06"]
[Round "3"]
[Board "17"]
[White "Larino Nieto, David"]
[Black "Aranaz Murillo, Amalia"]
[Result "1-0"]
[WhiteElo "2451"]
[BlackElo "2154"]
[PlyCount "63"]
[EventDate "2010.09.04"]
[EventRounds "9"]
[EventCountry "ESP"]

1.b3 d5 2.Bb2 c6 3.f4 Nf6 4.Nf3 Bg4 5.Ne5 Bf5 6.e3 Nbd7 7.d3 e6 8.h3 Nxe5 9.Bxe5
Nd7 10.Bc3 Qh4+ 11.Kd2 h5 12.Qe1 Qe7 13.g3 O-O-O 14.Kc1 e5 15.e4 dxe4 16.dxe4
Bh7 17.f5 g6 18.g4 hxg4 19.hxg4 Qg5+ 20.Bd2 Qxg4 21.Bh3 Qf3 22.fxg6 fxg6 23.Bg5
Re8 24.Qd1 Qf7 25.Qxd7+ Qxd7 26.Bxd7+ Kxd7 27.Bf6 Be7 28.Bxh8 Rxh8 29.Nd2 Bg5
30.Kb2 Bf4 31.Nc4 g5 32.Rh5 1-0

[Event "CAMPEONATO DE ESPAÑA ABSOLUTO"]
[Site "EL SAUZAL - TENERIFE - ISLAS CANARIAS"]
[Date "2010.09.06"]
[Round "3"]
[Board "18"]
[White "Todorcevic, Miodrag"]
[Black "Martin Hernandez, Ruben"]
[Result "1-0"]
[WhiteElo "2434"]
[BlackElo "2037"]
[PlyCount "65"]
[EventDate "2010.09.04"]
[EventRounds "9"]
[EventCountry "ESP"]

1.Nf3 Nf6 2.d4 g6 3.g3 Bg7 4.Bg2 d5 5.c4 O-O 6.O-O dxc4 7.Na3 c6 8.Nxc4 Nbd7
9.b3 Nb6 10.Bb2 Be6 11.Nce5 h6 12.Nd3 a5 13.Nc5 Bc8 14.Rc1 Nfd7 15.Nd3 a4 16.b4
a3 17.Ba1 Nb8 18.Qd2 Na6 19.Rfd1 Qd6 20.e4 Rd8 21.Nc5 Qb8 22.Qe1 Bg4 23.h3 Bxf3
24.Bxf3 e5 25.d5 Nc7 26.dxc6 bxc6 27.Rxd8+ Qxd8 28.Nb7 Qf6 29.Bg2 Nb5 30.Na5 Rc8
31.Qe3 Na4 32.Bf1 Qe6 33.Qb3 1-0

[Event "CAMPEONATO DE ESPAÑA ABSOLUTO"]
[Site "EL SAUZAL - TENERIFE - ISLAS CANARIAS"]
[Date "2010.09.06"]
[Round "3"]
[Board "19"]
[White "Navarro Molina, David"]
[Black "Villavicencio Martinez, Adalber"]
[Result "0-1"]
[WhiteElo "2047"]
[BlackElo "2317"]
[PlyCount "142"]
[EventDate "2010.09.04"]
[EventRounds "9"]
[EventCountry "ESP"]

1.d4 Nf6 2.Nf3 e6 3.c4 Bb4+ 4.Nbd2 O-O 5.a3 Be7 6.e4 d5 7.cxd5 exd5 8.e5 Ne4
9.Bd3 f5 10.exf6 Bxf6 11.O-O Bf5 12.Nxe4 dxe4 13.Qb3+ Kh8 14.Qxb7 Nc6 15.Qxc6
exd3 16.Be3 Rb8 17.b4 Rb6 18.Qc4 Rd6 19.Rac1 Rd7 20.Rfd1 Qe8 21.Qc5 Bg4 22.Rxd3
Bxf3 23.gxf3 Qg6+ 24.Kh1 Rdf7 25.Rdd1 Be7 26.Qc6 Bd6 27.Rg1 Qh5 28.f4 Bxf4
29.Bxf4 Rxf4 30.Qxc7 Qf3+ 31.Rg2 R4f7 32.Qc6 Qxa3 33.d5 Qxb4 34.d6 Qd2 35.Qc5 a5
36.Ra1 a4 37.Kg1 Re8 38.h3 h6 39.Rg3 Rd8 40.Kg2 Rdf8 41.Rf1 Rf5 42.Qa7 R8f7
43.Qb8+ Kh7 44.Qb6 Qd5+ 45.Kg1 R5f6 46.Qb1+ g6 47.Qc2 Qxd6 48.Rd3 Qf4 49.Ra3
Qg5+ 50.Kh2 Qb5 51.Kg1 Rf4 52.Rg3 R4f6 53.Ra3 Qg5+ 54.Kh2 Qh4 55.Rg3 Qf4 56.Kg2
h5 57.f3 Rd7 58.Rf2 Rfd6 59.Re2 a3 60.Kf2 Qh4 61.Kg2 Qf6 62.Qc1 Rd3 63.f4 Rxg3+
64.Kxg3 Rd3+ 65.Re3 a2 66.Rxd3 a1=Q 67.Rd7+ Kh6 68.Qe3 h4+ 69.Kg4 Qf5+ 70.Kxh4
Qaf6+ 71.Kg3 Qxd7 0-1

[Event "CAMPEONATO DE ESPAÑA ABSOLUTO"]
[Site "EL SAUZAL - TENERIFE - ISLAS CANARIAS"]
[Date "2010.09.06"]
[Round "3"]
[Board "20"]
[White "Perez Felipe, Marcos Adrian"]
[Black "Nortes Hernandez, Pedro"]
[Result "0-1"]
[WhiteElo "2308"]
[BlackElo "2020"]
[PlyCount "128"]
[EventDate "2010.09.04"]
[EventRounds "9"]
[EventCountry "ESP"]

1.d4 d5 2.c4 e6 3.Nc3 Nf6 4.cxd5 exd5 5.Bg5 Be7 6.e3 O-O 7.Qc2 c6 8.Bd3 h6 9.Bh4
Nbd7 10.Nge2 Re8 11.O-O-O b5 12.Rhg1 b4 13.Na4 Ne4 14.Bxe7 Qxe7 15.Ng3 Ndf6
16.Bxe4 dxe4 17.Kb1 Ba6 18.Nc5 Bb5 19.Nf5 Qd8 20.g4 Nd5 21.g5 Rb8 22.gxh6 g6
23.f3 b3 24.Nxb3 Nb4 25.Qc3 Qd5 26.Qc5 Bd3+ 27.Rxd3 Qxc5 28.Nxc5 Nxd3 29.Nxd3
exd3 30.e4 Kh7 31.Nd6 Re7 32.Rd1 f6 33.Nc4 Rd8 34.Na5 Re6 35.Nb3 g5 36.Rxd3 Kxh6
37.Kc2 Kg6 38.Kc3 Rh8 39.Rd2 Rh3 40.Rd3 Rxh2 41.d5 cxd5 42.exd5 Rd6 43.Nd2 Rh3
44.Nc4 Rd7 45.d6 Kf5 46.Rd5+ Kf4 47.Nd2 f5 48.Kd4 g4 49.fxg4 fxg4 50.Ne4 Rh6
51.b4 Rd8 52.d7 Re6 53.Nc5 Re7 54.Rd6 Kf3 55.Rg6 g3 56.Kd5 Rexd7+ 57.Nxd7 Rxd7+
58.Kc5 g2 59.a4 Rd1 60.a5 g1=Q+ 61.Rxg1 Rxg1 62.b5 Ke4 63.b6 Rg5+ 64.Kc6 Rxa5 0-1

[Event "CAMPEONATO DE ESPAÑA ABSOLUTO"]
[Site "EL SAUZAL - TENERIFE - ISLAS CANARIAS"]
[Date "2010.09.06"]
[Round "3"]
[Board "21"]
[White "Farran Martos, Francesc X"]
[Black "Acosta Sosa, Juan Manuel"]
[Result "1/2-1/2"]
[WhiteElo "2287"]
[BlackElo "2007"]
[PlyCount "107"]
[EventDate "2010.09.04"]
[EventRounds "9"]
[EventCountry "ESP"]

1.e4 e5 2.d4 exd4 3.Nf3 Nc6 4.Nxd4 Qf6 5.Be3 Bc5 6.c3 Nge7 7.Bc4 O-O 8.O-O a6
9.f4 d6 10.Kh1 Bb6 11.Na3 Nxd4 12.cxd4 d5 13.e5 Qg6 14.Bd3 Bf5 15.Bxf5 Nxf5
16.Bf2 h5 17.Rc1 Rfe8 18.Rc3 Qg4 19.Qd2 Ba5 20.Nb1 c5 21.Qd3 c4 22.Qd2 b5 23.h3
Qg6 24.Qe2 Bb6 25.Rd1 Bxd4 26.Bxd4 Nxd4 27.Rxd4 Qxb1+ 28.Rd1 Qe4 29.Re3 Qxf4
30.Rxd5 Rad8 31.Rxd8 Rxd8 32.e6 Rd1+ 33.Qxd1 Qxe3 34.exf7+ Kxf7 35.Qxh5+ Kg8
36.Qd5+ Kh7 37.Qf5+ Kh8 38.Kh2 Qd4 39.Qh5+ Kg8 40.Qe8+ Kh7 41.Qe2 b4 42.Kg3 c3
43.bxc3 bxc3 44.Qc2+ g6 45.Kf3 Kg7 46.Ke2 a5 47.Qd3 Qb4 48.Qc2 Qd4 49.g4 Qe5+
50.Kf3 Qd5+ 51.Ke3 Qe5+ 52.Kd3 Qg3+ 53.Kc4 Qxh3 54.Qxc3+ 1/2-1/2

[Event "CAMPEONATO DE ESPAÑA ABSOLUTO"]
[Site "EL SAUZAL - TENERIFE - ISLAS CANARIAS"]
[Date "2010.09.06"]
[Round "3"]
[Board "22"]
[White "Machin Arbelo, Pedro Alexis"]
[Black "Hernandez Leon, Alberto"]
[Result "1-0"]
[WhiteElo "2032"]
[BlackElo "2287"]
[PlyCount "53"]
[EventDate "2010.09.04"]
[EventRounds "9"]
[EventCountry "ESP"]

1.d4 c5 2.c3 Nf6 3.Nf3 g6 4.g3 Bg7 5.Bg2 O-O 6.dxc5 Na6 7.b4 Ne8 8.a3 d6 9.O-O
Bd7 10.cxd6 Nxd6 11.Bf4 Bc6 12.Bxd6 exd6 13.Ra2 Qe7 14.c4 Nc7 15.Rd2 Rad8 16.Qb3
Ne6 17.Rfd1 Bh6 18.Ra2 Bg7 19.Nc3 Bxf3 20.Bxf3 Nd4 21.Nd5 Qg5 22.Qd3 Rfe8
23.Rad2 Nxf3+ 24.Qxf3 h5 25.Nc7 Re7 26.Nb5 b6 27.Nd4 1-0

[Event "CAMPEONATO DE ESPAÑA ABSOLUTO"]
[Site "EL SAUZAL - TENERIFE - ISLAS CANARIAS"]
[Date "2010.09.06"]
[Round "3"]
[Board "23"]
[White "Bajo Gutierrez, Ignacio"]
[Black "Salido Polo, Veronica"]
[Result "1-0"]
[WhiteElo "2271"]
[BlackElo "1972"]
[PlyCount "53"]
[EventDate "2010.09.04"]
[EventRounds "9"]
[EventCountry "ESP"]

1.d4 Nf6 2.c4 g6 3.g3 Bg7 4.Bg2 O-O 5.Nf3 d6 6.Nc3 Nbd7 7.O-O c5 8.h3 Rb8 9.d5
a6 10.a4 Nb6 11.Qd3 e6 12.a5 Na8 13.dxe6 Bxe6 14.Bf4 Ne8 15.Rfd1 Nac7 16.Na4 Qe7
17.Ng5 Qf6 18.Ne4 Qd4 19.Rac1 Rd8 20.Qa3 Nb5 21.cxb5 Qb4 22.Naxc5 Qxb5 23.Nxe6
fxe6 24.Ng5 Bxb2 25.Qa2 Bxc1 26.Qxe6+ Kh8 27.Rxc1 1-0

[Event "CAMPEONATO DE ESPAÑA ABSOLUTO"]
[Site "EL SAUZAL - TENERIFE - ISLAS CANARIAS"]
[Date "2010.09.06"]
[Round "3"]
[Board "24"]
[White "Ponce Valero, Juan Antonio"]
[Black "Rodriguez Fontecha, Marcos"]
[Result "0-1"]
[WhiteElo "2020"]
[BlackElo "2253"]
[PlyCount "112"]
[EventDate "2010.09.04"]
[EventRounds "9"]
[EventCountry "ESP"]

1.e4 e6 2.d4 c5 3.Nf3 cxd4 4.Nxd4 Nf6 5.Nc3 Bb4 6.e5 Nd5 7.Ndb5 Nc6 8.Nd6+ Bxd6
9.exd6 Nxc3 10.bxc3 b6 11.Bd3 Bb7 12.O-O Ne5 13.Be2 Qc8 14.Qd4 Qc6 15.f3 Qd5
16.Bf4 Qxd4+ 17.cxd4 Nc6 18.Rfd1 O-O 19.c4 Ba6 20.Kf2 Rab8 21.Rd2 f6 22.d5 Na5
23.dxe6 dxe6 24.Rc1 Rfd8 25.c5 Bxe2 26.Kxe2 e5 27.Be3 Rbc8 28.d7 Rc7 29.cxb6
Rxc1 30.bxa7 Rc6 31.a8=Q Rxa8 32.d8=Q+ Rxd8 33.Rxd8+ Kf7 34.Kd3 Nc4 35.Rd7+ Kg6
36.Bf2 Nb2+ 37.Kd2 Nc4+ 38.Kd3 Na3 39.Ra7 Rd6+ 40.Ke2 Nb5 41.Ra5 Nc3+ 42.Ke3
Nd1+ 43.Ke2 Nc3+ 44.Ke3 Kf5 45.g4+ Ke6 46.Be1 Nd5+ 47.Kf2 Rc6 48.Ke2 g6 49.Bd2
f5 50.gxf5+ gxf5 51.a4 e4 52.Ra7 Rc2 53.Kd1 exf3 54.Ke1 f2+ 55.Kxf2 Rxd2+ 56.Kg3
f4+ 0-1

[Event "CAMPEONATO DE ESPAÑA ABSOLUTO"]
[Site "EL SAUZAL - TENERIFE - ISLAS CANARIAS"]
[Date "2010.09.06"]
[Round "3"]
[Board "25"]
[White "Fernandez Garcia, Jose Miguel"]
[Black "Capote Robayna, Nathaniel"]
[Result "1-0"]
[WhiteElo "2237"]
[BlackElo "1960"]
[PlyCount "71"]
[EventDate "2010.09.04"]
[EventRounds "9"]
[EventCountry "ESP"]

1.e4 e6 2.d3 d5 3.Nd2 Nf6 4.Ngf3 b6 5.g3 dxe4 6.dxe4 Bb7 7.Bb5+ Nfd7 8.Qe2 a6
9.Bd3 Nc6 10.O-O Be7 11.c3 Nc5 12.Bc2 e5 13.Nc4 Bf6 14.Rd1 Qc8 15.b4 Ne6 16.h4
O-O 17.Ne3 a5 18.b5 Ne7 19.Ba3 Re8 20.Ng4 c6 21.Nfh2 Kh8 22.Nxf6 gxf6 23.Bxe7
Rxe7 24.Qf3 Ng7 25.Rd6 Re6 26.Rad1 Rxd6 27.Rxd6 Ne8 28.Rxf6 Nxf6 29.Qxf6+ Kg8
30.Bb3 Qd8 31.Qxf7+ Kh8 32.Qxb7 Rb8 33.Qxc6 Rc8 34.Qe6 Qc7 35.Ng4 Rf8 36.Nxe5 1-0

[Event "CAMPEONATO DE ESPAÑA ABSOLUTO"]
[Site "EL SAUZAL - TENERIFE - ISLAS CANARIAS"]
[Date "2010.09.06"]
[Round "3"]
[Board "26"]
[White "Alonso Contreras, Mario Elias"]
[Black "Senlle Caride, Miguel"]
[Result "0-1"]
[WhiteElo "1980"]
[BlackElo "2235"]
[PlyCount "46"]
[EventDate "2010.09.04"]
[EventRounds "9"]
[EventCountry "ESP"]

1.e4 c5 2.Nf3 e6 3.d4 cxd4 4.Nxd4 a6 5.Nc3 Qc7 6.Be2 Nc6 7.O-O Nf6 8.Be3 Bb4
9.Na4 O-O 10.a3 Bd6 11.Nc3 Bxh2+ 12.Kh1 Bf4 13.Qd2 Bxe3 14.Qxe3 d5 15.Nxc6 bxc6
16.e5 Nd7 17.f4 Rb8 18.Qh3 Rxb2 19.Rf3 Nc5 20.Rg3 f5 21.Rg1 d4 22.Nd1 Rxc2
23.Bf3 Ne4 0-1

[Event "CAMPEONATO DE ESPAÑA ABSOLUTO"]
[Site "EL SAUZAL - TENERIFE - ISLAS CANARIAS"]
[Date "2010.09.06"]
[Round "3"]
[Board "27"]
[White "Vega Gutierrez, Belinda"]
[Black "Javaloy Guerrero, Manuel A"]
[Result "1-0"]
[WhiteElo "2233"]
[BlackElo "1934"]
[PlyCount "81"]
[EventDate "2010.09.04"]
[EventRounds "9"]
[EventCountry "ESP"]

1.e4 c5 2.Nf3 e6 3.d4 cxd4 4.Nxd4 Nf6 5.Nc3 Nc6 6.Ndb5 Bb4 7.a3 Bxc3+ 8.Nxc3 d5
9.exd5 Nxd5 10.Nxd5 Qxd5 11.Qxd5 exd5 12.Be3 d4 13.Bf4 Bf5 14.O-O-O O-O 15.Bd3
Bxd3 16.Rxd3 Rac8 17.Re1 b5 18.Kd1 a5 19.Bg3 Rfd8 20.f4 h6 21.Re2 Rd5 22.Bf2 b4
23.axb4 axb4 24.c3 bxc3 25.bxc3 Rcd8 26.cxd4 Ra8 27.Red2 Rad8 28.Rc3 Ne7 29.Rc7
Nf5 30.Rc5 Kf8 31.Rxd5 Rxd5 32.Kc2 Ke7 33.Kd3 Kd7 34.Ra2 Rb5 35.g4 Nd6 36.Bg3
Rb3+ 37.Kc2 Rf3 38.Ra7+ Ke6 39.Ra6 Rxg3 40.hxg3 Kd5 41.Kd3 1-0

[Event "CAMPEONATO DE ESPAÑA ABSOLUTO"]
[Site "EL SAUZAL - TENERIFE - ISLAS CANARIAS"]
[Date "2010.09.06"]
[Round "3"]
[Board "28"]
[White "Ladron De Guevara Pinto, Paolo"]
[Black "Diaz Sanchez, Jose Francisco"]
[Result "1-0"]
[WhiteElo "2215"]
[BlackElo "1909"]
[PlyCount "115"]
[EventDate "2010.09.04"]
[EventRounds "9"]
[EventCountry "ESP"]

1.e4 c5 2.Nf3 e6 3.d4 cxd4 4.Nxd4 Nf6 5.Nc3 Nc6 6.Ndb5 Bb4 7.a3 Bxc3+ 8.Nxc3 d5
9.exd5 exd5 10.Bd3 O-O 11.O-O d4 12.Ne4 Bf5 13.Ng3 Bxd3 14.Qxd3 Rc8 15.Bg5 h6
16.Bf4 Nd5 17.Bd2 Re8 18.Nf5 Qf6 19.Qf3 Red8 20.Rfe1 Ne5 21.Qg3 Qxf5 22.Rxe5 Qg6
23.Qxg6 fxg6 24.Rc1 Kf7 25.Kf1 Kf6 26.Re4 Ne7 27.c3 d3 28.Rd1 g5 29.Be3 Nc6
30.b4 a6 31.Bb6 Rd7 32.Re3 Kg6 33.Rexd3 Rxd3 34.Rxd3 Ne5 35.Rd6+ Kh7 36.Bd4 Nc6
37.Bc5 Ne5 38.Rb6 Nd3 39.Bd4 Rc7 40.g3 Nb2 41.Re6 Na4 42.Be5 Rd7 43.c4 Kg8 44.c5
Kf7 45.Rd6 Rxd6 46.cxd6 g6 47.Ke2 Ke6 48.Ke3 Nb6 49.Kd4 Nd7 50.Bg7 h5 51.Bh6 g4
52.Bf4 Nb6 53.Kc5 Nd7+ 54.Kc4 Nb6+ 55.Kd4 Na4 56.d7 Kxd7 57.Ke5 Nb6 58.Kf6 1-0

[Event "CAMPEONATO DE ESPAÑA ABSOLUTO"]
[Site "EL SAUZAL - TENERIFE - ISLAS CANARIAS"]
[Date "2010.09.06"]
[Round "3"]
[Board "29"]
[White "Arnedo Ruiz, Alberto"]
[Black "Pinto Henriquez, Rodrigo"]
[Result "1/2-1/2"]
[WhiteElo "1961"]
[BlackElo "2214"]
[PlyCount "106"]
[EventDate "2010.09.04"]
[EventRounds "9"]
[EventCountry "ESP"]

1.e4 e5 2.Nc3 Nf6 3.f4 d5 4.fxe5 Nxe4 5.Nf3 Be6 6.Qe2 Nxc3 7.dxc3 c6 8.Bf4 Nd7
9.Nd4 Nc5 10.O-O-O Qa5 11.Kb1 Na4 12.Nb3 Qc7 13.Qe3 Be7 14.Qg3 O-O-O 15.Be2 h5
16.Rhf1 g6 17.Bg5 Bxg5 18.Qxg5 c5 19.Qe3 a6 20.Rf4 c4 21.Nd4 Qb6 22.b3 Kb8
23.Ka1 Nc5 24.Rb1 cxb3 25.cxb3 Rc8 26.Rff1 Rhe8 27.Bf3 Nd7 28.c4 Bg4 29.Bxd5
Nxe5 30.Qd2 Rcd8 31.Rbe1 Ka7 32.h3 Bc8 33.Re3 f6 34.Rfe1 Rf8 35.Qc3 Qc5 36.b4
Qd6 37.Rd1 Qc7 38.b5 Rfe8 39.bxa6 bxa6 40.Rxe5 Rxe5 41.Nc6+ Qxc6 42.Bxc6 Rxd1+
43.Kb2 Bf5 44.Bf3 Rb1+ 45.Ka3 Kb8 46.Qd2 Kc7 47.g4 hxg4 48.hxg4 Bd7 49.Bd5 Rbe1
50.Qa5+ Kd6 51.Qb4+ Kc7 52.Qc5+ Kd8 53.Qf8+ Kc7 1/2-1/2